000 01366nam0a22002771 4500
001 rc\4552004
005 20130416183942.2
035 _a(NLR Aleph) 008364856
090 _a9021320
_c9021320
100 _a20130416d1966 |||y0rusy50 ca
101 0 _arus
102 _aRU
105 _ay z |||||
200 1 _aКачество оборудования и пути улучшения автогенной техники
_e[Обзор]
_fОбъединение по руководству науч.-техн. информацией и пропагандой в РСФСР при Гос. ком. Совета Министров СССР по науке и технике (Ростехинформ). Гос. науч.-исслед. ин-т науч. и техн. информации (ГОСИНТИ)
210 _aМосква
_cБ. и.
_d1966
215 _a41 с., включ. обл.
_cграф.
_d21
225 1 _aСлужебная информация
300 _aНа обл. только загл. серии
300 _aНа обороте тит. л. авт.: канд. техн. наук Д.Н. Левицкий
333 _aДля служебного пользования. Экз. № 7
700 1 _aЛевицкий
_bД. Н.
801 0 _aRU
_bNLR
_gpsbo
801 1 _aRU
_bELAR
_2rusmarc
852 _aNLR
_j50К/6553
942 _cBOOK
980 _aNB